1067 1387 1011 1604 1487 1295 1078 1825 1414 1037 1443 1480 1477 1456 1615 1083 1833 1098 1329 1251 1138 1685 1167 1950 1414 1018 1704 1739 1867 1098 1108 1164 1653 1787 1966 1797 1585 1321 1993 1333 1258 1263 1852 1142 1197 1199 1422 1247 1627 1057 1072 1696 1336 1409 1288 1735 1094 1509 1000 1664 1891 1503 1227 1389 1785 1447 1300 1514 1160 1966 1665 1996 1699 1706 1155 1896 1232 1359 1149 1315 1194 1791 1905 1132 1226 1515 1799 1650 1014 1196 1725 1215 1491 1417 1323 1574 1494 1013 1668 BCNSPRNW ULIB Ver.6.0+V

เปลี่ยนเป็นภาษาไทย

Change to English
 แสดงรายละเอียดบรรณานุกรม
  กลับหน้าหลัก

Brief Record : Get Marc (ISO 2709) : E-mail record : QR code < ปิดหน้าต่าง
LEADER : 00000nam 2200000uu 4500
001    13399125663
003     ULIB
008    170713s2558||||th 000 0 tha d
020    ^a9786167392486
060  0 ^aWB395^bพ124ก
100 0  ^aพงศ์เทพ สิทธิน้อย
245 00 ^aกินเป็น สุขภาพดี 24 ชั่วโมง /^cพงศ์เทพ สิทธิน้อย
260    ^aกรุงเทพฯ :^bเอ็นเค มีเดีย,^c2558
300    ^a144 หน้า :^bภาพประกอบ ;^c21 ซม.
650  0 ^aโภชาการ^xการกิน
650  0 ^aอาหาร
945    ^p99^l0^i002652
999    ^aประนอม เกษจรัล
รายการนี้ยังไม่มีแท็ก
คุณยังไม่ได้ล็อกอิน คุณสามารถมีกิจกรรมร่วมกับเว็บไซต์ได้ แต่ต้องล็อกอินก่อน ::
  ล็อกอิน

รายการสื่อสารสนเทศ

ลำดับที่ ประเภท เลขเรียก/บาร์โค้ด สถานที่ สถานะ
1. วิทยาศาสตร์การแพทย์ และสุขภาพ
วิทยาศาสตร์การแพทย์ และสุขภาพ
WB395 พ124ก ฉ.1 
  Barcode: 002652
ห้องสมุดวิทยาเขตสวรรค์ประชารักษ์
►หนังสือทั่วไป
บนชั้น

รายการใกล้เคียง
    ผู้แต่ง [พงศ์เทพ สิทธิน้อย]

    หัวเรื่อง [อาหาร]

BibComment


ยังไม่เคยถูกคอมเมนท์

คอมเมนท์ทรัพยากรรายการนี้
  คอมเมนท์: กินเป็น สุขภาพดี..


 Copyright 2026. Bcnsprnw @Library